[Event "London Classic CSC op U2000 7th"]
[Site "London"]
[Date "2015.12.06"]
[Round "5"]
[White "Stern, Robert C"]
[Black "Zlamana, Tana"]
[Result "1-0"]
[WhiteElo "1687"]
[BlackElo "1431"]
[PlyCount "35"]
[EventDate "2015.12.04"]
[EventType "swiss"]
[EventRounds "5"]
[EventCountry "ENG"]
[SourceTitle "CBM 169 Extra"]
[Source "ChessBase"]
[SourceDate "2015.12.18"]
[SourceVersion "1"]
[SourceVersionDate "2015.12.18"]
[SourceQuality "1"]

1. e4 c5 2. Nf3 d6 3. Bb5+ Nd7 4. d4 cxd4 5. Qxd4 Qb6 6. Qxb6 axb6 7. Be3 Ngf6 8. Nc3 e6 9. Bxb6 Be7 10. 0-0 0-0 11. Be3 Nc5 12. e5 Nfe4 13. exd6 Bxd6 14. Nxe4 Nxe4 15. Rfd1 Bc5 16. Bxc5 Nxc5 17. a3 Rb8 18. Rd6 1-0

[Event "London Classic CSC op U2000 7th"]
[Site "London"]
[Date "2015.12.06"]
[Round "4"]
[White "Zlamana, Tana"]
[Black "Mao, Ximan"]
[Result "0-1"]
[WhiteElo "1431"]
[BlackElo "1730"]
[PlyCount "42"]
[EventDate "2015.12.04"]
[EventType "swiss"]
[EventRounds "5"]
[EventCountry "ENG"]
[SourceTitle "CBM 169 Extra"]
[Source "ChessBase"]
[SourceDate "2015.12.18"]
[SourceVersion "1"]
[SourceVersionDate "2015.12.18"]
[SourceQuality "1"]

1. d4 Nf6 2. c4 e6 3. Nc3 Bb4 4. Qc2 0-0 5. Nf3 d5 6. e3 c5 7. cxd5 Nxd5 8. Be2 b6 9. 0-0 Bxc3 10. bxc3 Nd7 11. Bb2 Bb7 12. Rfe1 Rc8 13. Qd2 N7f6 14. Bd3 Ne7 15. e4 Ng6 16. Rac1 Qc7 17. Qc2 c4 18. Bf1 Qf4 19. Nd2 Ng4 20. Nf3 Nh4 21. Qe2 Nxf3+ 0-1

[Event "London Classic CSC op U2000 7th"]
[Site "London"]
[Date "2015.12.04"]
[Round "1"]
[White "Zlamana, Tana"]
[Black "Jazdzewski, Daniel"]
[Result "0-1"]
[WhiteElo "1431"]
[BlackElo "1864"]
[PlyCount "70"]
[EventDate "2015.12.04"]
[EventType "swiss"]
[EventRounds "5"]
[EventCountry "ENG"]
[SourceTitle "CBM 169 Extra"]
[Source "ChessBase"]
[SourceDate "2015.12.18"]
[SourceVersion "1"]
[SourceVersionDate "2015.12.18"]
[SourceQuality "1"]

1. d4 Nf6 2. c4 g6 3. Nc3 Bg7 4. Nf3 0-0 5. e3 d6 6. Be2 Nc6 7. 0-0 e5 8. dxe5 Nxe5 9. Nxe5 dxe5 10. Qxd8 Rxd8 11. b3 Bf5 12. h3 h5 13. Ba3 Bd3 14. Bxd3 Rxd3 15. Nb5 c6 16. Nd6 Bf8 17. Rfd1 Rxd1+ 18. Rxd1 Rd8 19. c5 Ne4 20. Kf1 f6 21. Rd3 Nxd6 22. cxd6 Kf7 23. Ke2 Ke6 24. Bb4 Bxd6 25. Bxd6 Rxd6 26. Rxd6+ Kxd6 27. Kd3 Kc5 28. Kc3 b5 29. a3 a5 30. Kd3 f5 31. f3 h4 32. e4 f4 33. Kc3 b4+ 34. axb4+ axb4+ 35. Kd3 g5 0-1

[Event "CZE/SVK-chT (Women)"]
[Site "Ricany"]
[Date "2015.07.02"]
[Round "7"]
[White "Kocourkova, Zuzana"]
[Black "Zlamana, Tana"]
[Result "1-0"]
[WhiteElo "1816"]
[BlackElo "1438"]
[PlyCount "77"]
[EventDate "2015.06.27"]
[EventType "team-tourn"]
[EventRounds "7"]
[EventCountry "CZE"]
[SourceTitle "EXT 2017"]
[Source "ChessBase"]
[SourceDate "2016.10.25"]
[SourceVersion "1"]
[SourceVersionDate "2016.10.25"]
[SourceQuality "1"]

1. e4 c5 2. Nf3 d6 3. d4 cxd4 4. Nxd4 Nf6 5. f3 a6 6. c4 e5 7. Nc2 Be7 8. Nc3 Be6 9. Be3 Nbd7 10. Qd2 Rc8 11. b3 Qc7 12. Rc1 0-0 13. Be2 Nc5 14. 0-0 Rfd8 15. b4 Ncd7 16. Nd5 Bxd5 17. cxd5 Qb8 18. a4 Bf8 19. Rb1 b5 20. axb5 axb5 21. Na3 Nb6 22. Bxb5 Qc7 23. Rfc1 Qa7 24. Nc4 Nxc4 25. Rxc4 Qb8 26. Bc6 Nd7 27. Rcc1 Nb6 28. Qf2 Nd7 29. Qd2 Nb6 30. Ra1 Qc7 31. Ra6 Rb8 32. Qf2 Na8 33. Ra7 Qc8 34. Bxa8 Qxc1+ 35. Bxc1 Rxa8 36. Rxa8 Rxa8 37. Qb2 Be7 38. Be3 Bd8 39. b5 1-0